Statistics for Cities where Richie McCaw played Test Rugby

Click here to take the quiz!

General Stats

  • This quiz has been taken 570 times
    (443 since last reset)
  • The average score is 21 of 30

Answer Stats

City% Correct
London
97%
Auckland (Eden Park and Albany)
95%
Wellington
95%
Paris
94%
Sydney
94%
Dublin
93%
Cardiff
90%
Melbourne
90%
Christchurch
89%
Edinburgh
85%
Brisbane
84%
Cape Town
82%
Dunedin
82%
Rome
82%
Johannesburg
78%
Tokyo
73%
Hamilton
72%
Pretoria
70%
Durban
68%
Buenos Aires
60%
Marseille
58%
Lyon
49%
Napier
48%
New Plymouth
43%
Bloemfontein
42%
Toulouse
42%
Apia
41%
Hong Kong
41%
Rustenburg
14%
La Plata
12%

Score Distribution

Percentile by Number Answered

Percent of People with Each Score

Your Score History

You have not taken this quiz since the last reset